| 000 | 03856ngm a2200757Ia 4500 | ||
|---|---|---|---|
| 001 | ocn433655453 | ||
| 003 | OCoLC | ||
| 005 | 20200320185216.0 | ||
| 007 | vd cvaizq | ||
| 008 | 090826s2009 cau097 vleng d | ||
| 020 | _c15.95 | ||
| 024 | 1 | 0 | _a876964002349 |
| 028 | 4 | 2 |
_a10234 _bMagnolia Home Entertainment |
| 029 | 1 |
_aAU@ _b000046924984 |
|
| 035 | _a(OCoLC)433655453 | ||
| 037 |
_bMidwest Tape _nhttp://www.midwesttapes.com |
||
| 040 |
_aTEFMT _cTEFMT _dTEFMT _dTEF _dGK8 _dEINCP _dOCLCA _dWACOL |
||
| 041 | 1 |
_aeng _aspa _jspa _heng |
|
| 043 | _an-us--- | ||
| 049 | _aWACL | ||
| 050 | 1 | 4 |
_aPN1997.2 _b.A57 2009 |
| 082 | 0 | 4 |
_a791.43/72 _222 |
| 092 |
_aDVD _bAns |
||
| 245 | 0 | 4 |
_aThe answer man _h[videorecording] / _cMagnolia Pictures and iDeal Partners in association with 120dB Films present a Kevin Messick production ; produced by Kevin Messick and Jana Edelbaum ; written & directed by John Hindman. |
| 250 | _aWidescreen | ||
| 260 |
_aLos Angeles : _bMagnolia Home Entertainment, _cc2009. |
||
| 300 |
_a1 videodisc (ca. 97 min.) : _bsd., col. ; _c4 3/4 in. |
||
| 538 | _aDVD, widescreen; Dolby Digital. NTSC, Region 1. | ||
| 546 | _aEnglish or dubbed Spanish dialogue, Spanish subtitles. | ||
| 511 | 1 | _aJeff Daniels, Lauren Graham, Lou Taylor Pucci, Olivia Thirlby, Kat Dennings. | |
| 508 | _aDirector of photography, Oliver Bokelberg ; editor, Jerry Greenberg ; music, Teddy Castellucci. | ||
| 521 | 8 | _aMPAA rating: R; for language. | |
| 520 | _aArlen Faber is the reclusive author of 'Me and God,' a book that has redefined spirituality for an entire generation and has been translated into over 100 languages. On the eve of the 20th anniversary of his still wildly popular book, Arlen is still sought after as the man who has all the answers. His life collides with Elizabeth, a single mom raising her seven-year-old son, and Kris, a young man fresh out of rehab who is searching for meaning. Both Elizabeth and Kris are hopeful that Arlen has the answers, but the truth is, he hasn't got a clue. | ||
| 500 | _aSpecial features: Characters of The answer man, From concept to creation ; HDNet: a look at The Answer man; commentary with writer/director John Hindman, producer Keven Messick and Lauren Graham. | ||
| 586 | 8 | _aOfficial selection, 2009 Sundance Film Festival. | |
| 650 | 0 |
_aRecluses as authors _zUnited States _vDrama. _95865067 |
|
| 650 | 0 |
_aLiterature _vTranslations _vDrama. _95865068 |
|
| 650 | 0 |
_aGod _xKnowableness _vDrama. _95865069 |
|
| 650 | 0 |
_aFathers and sons _vDrama. _95704996 |
|
| 650 | 0 |
_aSingle mothers _zUnited States _vDrama. _95865070 |
|
| 650 | 0 |
_aRecovering alcoholics _vDrama. _95696146 |
|
| 650 | 0 |
_aMen _xSocialization _zUnited States _vDrama. _95865071 |
|
| 650 | 0 |
_aMan-woman relationships _zUnited States _vDrama. _95695933 |
|
| 650 | 7 |
_aAutores y lectores _zEstados Unidos _vTeatro. _2bidex _95865072 |
|
| 650 | 7 |
_aLiteratura americana _xTraducciones _vTeatro. _2bidex _95865073 |
|
| 655 | 0 |
_aRomantic comedy films. _95696851 |
|
| 655 | 0 |
_aFeature films. _95865074 |
|
| 655 | 0 |
_aFiction films. _95674705 |
|
| 700 | 1 |
_aMessick, Kevin J. _95865075 |
|
| 700 | 1 |
_aEdelbaum, Jana. _95865076 |
|
| 700 | 1 |
_aHindman, John. _95865077 |
|
| 700 | 1 |
_aDaniels, Jeff, _d1955- _936496 |
|
| 700 | 1 |
_aGraham, Lauren, _d1967- _95756847 |
|
| 700 | 1 |
_aPucci, Lou Taylor, _d1985- _972347 |
|
| 700 | 1 |
_aThirlby, Olivia, _d1986- _95865078 |
|
| 700 | 1 |
_aDennings, Kat, _d1986- _974175 |
|
| 700 | 1 |
_aCastellucci, Teddy. _964026 |
|
| 710 | 2 |
_aMagnolia Pictures (Firm) _971060 |
|
| 710 | 2 |
_aIdeal Partners. _95865079 |
|
| 710 | 2 |
_a120db Films. _95865080 |
|
| 710 | 2 |
_aMagnolia Home Entertainment (Firm) _973285 |
|
| 942 |
_cDVD _045 |
||
| 948 |
_a07/02/2011 _zSirsi |
||
| 994 |
_a02 _bWACOL |
||
| 996 |
_a84859 _b34301000995391 _cDVD _dDVD _ewcl _fi _g45 _h15.95 _lamazon _mAns _p07/08/2011 _q07/26/2019 _r07/18/2019 |
||
| 999 |
_c275483 _d275483 |
||